000
00254nam a22001217a 4500
003
SGT
082
_a
746
_b
GRO
100
_a
GROSICKI, Z.I
245
_a
WATSON ADVANCED TEXTILE DESIGN
260
_b
WOOD HEAD PUB.
_c
2004
300
_a
435
942
_2
ddc
_c
BK
999
_c
13528
_d
13528